[Event "Athens Smaok U1900 op 35th"]
[Site "Athens"]
[Date "2016.03.11"]
[Round "2.7"]
[White "Theodoulidis, Vasilios"]
[Black "Theodoropoulos, Alexandros"]
[Result "1-0"]
[WhiteElo "1643"]
[BlackElo "1430"]
[PlyCount "121"]
[EventDate "2016.03.04"]
[EventType "swiss"]
[EventRounds "7"]
[EventCountry "GRE"]
[SourceTitle "EXT 2024"]
[Source "ChessBase"]
[SourceDate "2023.10.10"]
[SourceVersion "1"]
[SourceVersionDate "2023.10.10"]
[SourceQuality "1"]

1. d4 d5 2. c4 Nf6 3. Nc3 c6 4. Nf3 g6 5. e3 Bg7 6. Qc2 Bf5 7. Bd3 Bxd3 8. Qxd3 0-0 9. 0-0 Nbd7 10. b3 Re8 11. Bb2 a6 12. Rfd1 b5 13. cxd5 cxd5 14. h3 Rc8 15. Rac1 Rc7 16. Ne5 e6 17. Nf3 Qb8 18. Qe2 Rec8 19. Ne1 b4 20. Na4 a5 21. Nd3 Nb6 22. Ndc5 Nxa4 23. Nxa4 Rc6 24. Rc5 Ne4 25. Rxa5 Rc2 26. Qb5 Qc7 27. Rf1 Qe7 28. Nb6 Rd8 29. Ba1 Qf6 30. f4 Qh4 31. Rf3 Qe1+ 32. Qf1 Rc1 33. Qxe1 Rxe1+ 34. Rf1 Rxe3 35. Kh2 Nc3 36. Na4 Bxd4 37. Rc1 Rd3 38. Nxc3 bxc3 39. Ra4 Bf6 40. b4 Rc8 41. Ra6 d4 42. b5 Bd8 43. a4 Kf8 44. b6 c2 45. b7 Rb8 46. Ra8 Rxb7 47. Rxd8+ Ke7 48. Rxd4 Rxd4 49. Bxd4 Rc7 50. a5 Kd7 51. a6 Kc8 52. a7 Kb7 53. Kg3 f6 54. Kf2 e5 55. fxe5 Rc4 56. Ke3 fxe5 57. Bxe5 Kxa7 58. Kd3 Rc6 59. Rxc2 Ra6 60. Rc7+ Kb6 61. Rxh7 1-0